Score 0/297 Timer 20:00
1 Play Today
Answer % Correct
and
99.5%
and
99.5%
'And
99.5%
and
99.5%
the
99.5%
the
99.5%
the
99.5%
the
99.5%
and
99.5%
a
99.5%
and
99.5%
the
99.5%
and
99.5%
he
98.9%
he
98.9%
he
98.9%
he
98.9%
'I
98.8%
I
98.8%
'I
98.8%
Harry
98.6%
Harry,'
98.6%
'Ron
98.6%
Harry,
98.6%
Ron
98.6%
Ron
98.6%
Harry
98.6%
Harry,
98.6%
Harry,
98.6%
Harry,'
98.6%
Harry,
98.6%
Harry
98.6%
Harry
98.6%
Hermione.
98.4%
Hermione,
98.4%
Hermione
98.4%
her
98.2%
do,
97.9%
do
97.9%
do
97.9%
'We
97.5%
we
97.5%
you
97.4%
you
97.4%
you
97.4%
you
97.4%
you
97.4%
you
97.4%
you?
97.4%
you.
97.4%
you,'
97.4%
you
97.4%
You-
97.4%
you
97.4%
you,'
97.4%
you
97.4%
you
97.4%
you
97.4%
said
97.2%
said
97.2%
said
97.2%
said.
97.2%
said
97.2%
said
97.2%
said
97.2%
said
97.2%
said
97.2%
said.
97.2%
said
97.2%
said,
97.2%
to
96.5%
to
96.5%
to
96.5%
to
96.5%
to
96.5%
to
96.5%
to?
96.5%
it
95.6%
it ...'
95.6%
it
95.6%
it.
95.6%
who
95.4%
who
95.4%
Who,
95.4%
me!'
95.3%
me
95.3%
as
95.3%
me,
95.3%
as
95.3%
me,'
95.3%
as
95.3%
me
95.3%
as
95.3%
in
94.7%
in
94.7%
know
94.7%
Know-
94.7%
know
94.7%
what
94.4%
Answer % Correct
what
94.4%
she
94.2%
she
94.2%
'They
93.3%
they?'
93.3%
of
93.3%
of
93.3%
of
93.3%
of
93.3%
'So...
93.3%
so
93.3%
that
93.2%
don't
92.8%
don't
92.8%
don't
92.8%
Ginny
92.6%
Ginny.
92.6%
Ginny
92.6%
Ginny,
92.6%
Ginny
92.6%
Ginny
92.6%
Ginny
92.6%
at
92.5%
at
92.5%
at
92.5%
at
92.5%
his
92.3%
his
92.3%
his
92.3%
look
92.1%
look
92.1%
look
92.1%
'Look,
92.1%
on
92.1%
can
91.9%
can
91.9%
have!'
91.8%
have
91.8%
have
91.8%
'Are
91.6%
St.
91.4%
any
91.4%
think
90.7%
been
90.5%
been
90.5%
been
90.5%
been
90.5%
been
90.5%
where
90.5%
been
90.5%
us.'
90.4%
was
90.2%
was
90.2%
'How're
90%
but
90%
'but
90%
but
90%
how
90%
up
89.8%
asked
89.7%
'It's
89.7%
asked.
89.7%
from
89.3%
from
89.3%
I'm
88.6%
'I'm
88.6%
I'm
88.6%
you've
88.4%
you've
88.4%
want
88.4%
you've
88.4%
you've
88.4%
tell
88.3%
doing?'
88.1%
won't
87.9%
won't
87.9%
there
87.9%
him.
87.6%
ever
87.2%
looked
86.5%
'Well,
85.6%
Well,
85.6%
'Well,
85.6%
'Well.
85.6%
you're
84.9%
Mungo's.
84.8%
by
84.6%
back
84.1%
back-'
84.1%
didn't
84.1%
since
83.4%
down
83.4%
since
83.4%
got
83%
got
83%
who's
82.7%
talk
82.5%
talk
82.5%
all
82.1%
Answer % Correct
'All
82.1%
Then
82.1%
then?'
82.1%
anyone
82%
anyone
82%
say
81.6%
feeling?'
80.9%
feeling
80.9%
feeling
80.9%
sorry,'
80.2%
feet
79.5%
about
79.2%
feels.'
78.6%
remember
78.6%
'Fine,'
77.8%
wanted
77.4%
meant
77.1%
told
76.7%
everyone
75%
possessed
74.8%
possessed
74.8%
everything
73.6%
The Order of the Phoenix
73.6%
hiding
73.2%
hiding
73.2%
other,'
73%
being
70.4%
lot
69.4%
talking
68.7%
stupid
67.6%
lie
66%
glaring
65.7%
each
63.6%
forgot,'
62.2%
'Very
62%
others
60.8%
hands
60.4%
'seeing
59%
bit
58.5%
'Oh.
57.6%
'Oh,
57.6%
angrily.
56.4%
angrily,
56.4%
these
56%
keep
55.9%
'Maybe
52.9%
stop
52.5%
taking
52.2%
now
52%
getting
51.1%
away.
50.1%
used
49.9%
more
49.9%
more
49.9%
turns
49.2%
missing
49%
'Lucky
48.7%
pockets
48.5%
mouth
46.9%
around.
46.2%
night
46.1%
words
43.8%
blank
42.9%
Ears-'
42%
hit
41.7%
corners
41%
funny,'
40.6%
periods
40.6%
last
40.3%
Extendable
39.9%
overheard
38.9%
twitching.
38.5%
turning
37.3%
'Yeah?'
34.7%
big
34.5%
Christmas on the Closed Ward
34.5%
still
32.6%
quite
31.9%
quite
31.9%
misunderstood,'
30.5%
suggested
29.8%
seemed
27.5%
outside.
26.8%
deep
26.3%
snapped
25%
coolly.
24.3%
watched
22.4%
impact
21.9%
snow
19.3%
falling
19.1%
impatiently.
18%
sharply.
18%
unabashed.
17.7%
wheeled
17.2%
growled
15.9%
remained
15.9%
nettled.
13.8%
thickly
11.9%
stiffly.
11%
Remove Ads.
Support Sporcle.
Get the best of Sporcle when you Go Orange. This ad-free experience offers more features, more stats, and more fun while also helping to support Sporcle. Thank you for becoming a member.

You're not logged in!

Compare scores with friends on all Sporcle quizzes.
OR
Log In

Show Comments

Extras

Top Quizzes Today


Score Distribution

Your Account Isn't Verified!

In order to create a playlist on Sporcle, you need to verify the email address you used during registration. Go to your Sporcle Settings to finish the process.

Report this User

Report this user for behavior that violates our Community Guidelines.

Details: